00571cam a2200181 4500008004100000020001800041035002000059050002000079245008900099250001200188260003900200300002500239504004000264650002600304700002000330700001800350700002100368181212n 000 0 eng u a9780323340397 a(Sirsi) a209388 aRC 683 CAR 2015 aThe cardiac catherization handbook/lcMorton J. Kern, Paul Sorajja and Michael J. Lim a6th ed, aPhiladelphia : lbElservier, lc2015 axiii, 492p. : lbill. aIncludes bibliographical references aCardiac catherization aKern, Morton J. aSorajja, Paul aLim, Michael, J.